[Event "ESP-ch U12"]
[Site "Salobrena"]
[Date "2023.07.12"]
[Round "5"]
[White "Alvarez Garcia, Maria"]
[Black "Surov, Georgii"]
[Result "0-1"]
[WhiteElo "1241"]
[BlackElo "1492"]
[PlyCount "106"]
[EventDate "2023.07.10"]
[EventType "swiss"]
[EventRounds "9"]
[EventCountry "ESP"]
[SourceTitle "EXT 2024"]
[Source "ChessBase"]
[SourceDate "2023.10.10"]
[SourceVersion "1"]
[SourceVersionDate "2023.10.10"]
[SourceQuality "1"]

1. c4 g6 2. Nc3 Bg7 3. g3 Nf6 4. Bg2 0-0 5. Nf3 d6 6. 0-0 c6 7. d3 Nbd7 8. Nd2 a5 9. Nde4 d5 10. cxd5 cxd5 11. Nxf6+ Nxf6 12. Bg5 d4 13. Ne4 Nxe4 14. Bxe4 h6 15. Bd2 Qb6 16. Rb1 Be6 17. b3 Rfd8 18. h4 Bd5 19. Bg2 Bxg2 20. Kxg2 Qc6+ 21. f3 h5 22. Kf2 Be5 23. Rg1 f5 24. Bh6 Qf6 25. Qd2 b6 26. Rbf1 Rac8 27. Ke1 Rd7 28. g4 Qxh4+ 29. Kd1 Rdc7 30. Qe1 Qxe1+ 31. Kxe1 fxg4 32. fxg4 h4 33. Rh1 Bf6 34. Bf4 e5 35. g5 exf4 36. gxf6 Rc1+ 37. Kf2 Rxf1+ 38. Rxf1 Kf7 39. Kg1 g5 40. Kf2 Kxf6 41. Kf3 Kf5 42. Rg1 h3 43. Rh1 g4+ 44. Kf2 g3+ 45. Kf3 g2 46. Rxh3 g1N+ 47. Kg2 Nxh3 48. Kxh3 Rg8 49. a3 f3 50. exf3 Kf4 51. b4 a4 52. b5 Rg5 53. Kh4 Rxb5 0-1